Central Library OPAC University of Rajshahi

Complete theories / (Record no. 31378)

MARC details
000 -LEADER
fixed length control field 00721nam a2200241 a 4500
001 - CONTROL NUMBER
control field 31378
003 - CONTROL NUMBER IDENTIFIER
rucl marc code BD-RjUL
005 - DATE AND TIME OF LATEST TRANSACTION
control field 20211209051708.0
008 - FIXED-LENGTH DATA ELEMENTS--GENERAL INFORMATION
fixed length control field 140415s1956 ne a 001 0 eng d
035 ## - SYSTEM CONTROL NUMBER
System control number (BD-RjUL)31465
040 ## - CATALOGING SOURCE
Original cataloging agency BD-RjUL
Language of cataloging eng
Transcribing agency BD-RjUL
Modifying agency BD-RjUL
041 ## - LANGUAGE CODE
Language code of text/sound track or separate title eng
082 ## - DEWEY DECIMAL CLASSIFICATION NUMBER
Classification number 164
Author mark and year ROC 1956
100 1# - MAIN ENTRY--PERSONAL NAME
Personal name Robinson, Abraham,
Dates associated with a name 1918-1974.
9 (RLIN) 95478
245 10 - TITLE STATEMENT
Title Complete theories /
Statement of responsibility, etc. Abraham Robinson
260 ## - PUBLICATION, DISTRIBUTION, ETC. (IMPRINT)
Place of publication, distribution, etc. Amsterdam :
Name of publisher, distributor, etc. North-Holland,
Date of publication, distribution, etc. 1956
300 ## - PHYSICAL DESCRIPTION
Pagination 129 p. ;
Size 22 cm
504 ## - BIBLIOGRAPHY, ETC. NOTE
Bibliography, etc Bibliography: p. 126-127
650 #0 - SUBJECT ADDED ENTRY--TOPICAL TERM
Topical term or geographic name as entry element Algebra
9 (RLIN) 95479
Topical term or geographic name as entry element Logic, Symbolic and mathematical
9 (RLIN) 95480
830 #0 - SERIES ADDED ENTRY--UNIFORM TITLE
Uniform title Studies in logic and the foundations of mathematics
942 ## - ADDED ENTRY ELEMENTS (KOHA)
Source of classification or shelving scheme Dewey Decimal Classification
Koha item type Books
Holdings
Lost status Source of classification or shelving scheme Damaged status Not for loan Collection code Permanent Location Current Location Shelving location Date acquired Source of acquisition Cost, normal purchase price Total Checkouts Full call number Date last seen Copy number Koha item type
  Dewey Decimal Classification   Not For Loan Non-fiction Central Library, University of Rajshahi Central Library, University of Rajshahi Reading Room 25/02/1967 B. H. Blackwell 27.00   164 ROC 1956 15/04/2014 C-1 Books